000 00600nam a2200193 a 4500
005 20240605063739.0
008 991125s1981 mx 000 0 spa u
035 _aUPN01000036012
049 _aF
050 4 _aLA2335 R34
_bM34
245 0 0 _aMaestro Rafael Ramírez /
_ccomp. Ana María Varela Ortiz.
260 _aMéxico :
_bENM,
_c1981.
300 _a15 p. :
_bil.
440 0 _aSemblanza grandes educadores
600 1 4 _aRamírez, Rafael,
_d1885-1959
_xCrítica e interpretación
_912154
650 4 _aEducadores mexicanos
_917855
700 1 _aVarela Ortiz, Ana María,
_ecomp.
905 _aLibro
999 _c36012
_d36012